| 000 | 01220cam a2200265 4500 | ||
|---|---|---|---|
| 001 | J125497 | ||
| 008 | 040319n2004 000 0 eng u | ||
| 035 | _a(Sirsi) u125497 | ||
| 041 | _aeng | ||
| 050 |
_a657.73 _c18 |
||
| 110 |
_aRoyal Institution of Chartered Surveyors _bValuation Faculty _94354 |
||
| 245 |
_aIAS 16 - property, plant and equipment _bvaluer's guide to the revised standard published December 2003 |
||
| 260 |
_a[S.I.] _bRICS _c2004 |
||
| 520 | _aProvides a summary of IAS 16 "Property, plant and equipment" and its implications for valuers. IAS 16 concerns the treatment of capital assets in accounts. This guide outlines the scope of IAS 16, exclusions, notes on revaluation, and notes on depreciation. View at www.rics.org/val. | ||
| 520 | _aLast updated 15 April 2004. | ||
| 650 | _aIAS16 | ||
| 650 | _aINTERNATIONAL ACCOUNTING STANDARDS | ||
| 650 | _aPLANT | ||
| 650 | _aEQUIPMENT | ||
| 650 | _aOWNER-OCCUPIED PROPERTY | ||
| 690 | _aPROPERTY-PROPERTY APPRAISAL AND VALUATION | ||
| 710 |
_aRoyal Institution of Chartered Surveyors _94900 |
||
| 856 |
_uhttps://www.rics.org/RICSWEB/getpage.aspx?p=t51zBIAuqEC74c54mzh0hg _zView the valuer's guide on the RICS website... |
||
| 942 | _n0 | ||
| 999 |
_c103416 _d103416 |
||